[Event "Czech Fed-ch U16"]
[Site "Hrdonov"]
[Date "2012.10.26"]
[Round "8"]
[White "Kaluzny, Matyas"]
[Black "Melichar, Vojtech"]
[Result "1/2-1/2"]
[WhiteElo "1905"]
[BlackElo "1815"]
[PlyCount "36"]
[EventDate "2012.10.20"]
[EventType "swiss"]
[EventRounds "9"]
[EventCountry "CZE"]
[SourceTitle "CBM 151 Extra"]
[Source "ChessBase"]
[SourceDate "2012.12.18"]
[SourceVersion "1"]
[SourceVersionDate "2012.12.18"]
[SourceQuality "1"]

1. e4 c5 2. Nf3 e6 3. d4 cxd4 4. Nxd4 a6 5. Nc3 Qc7 6. Bd3 Nf6 7. 0-0 Be7 8. a4 b6 9. Be3 d6 10. f4 Nbd7 11. Nb3 Bb7 12. Rf3 e5 13. Rg3 0-0 14. f5 Rfd8 15. Rh3 d5 16. exd5 Nxd5 17. Nxd5 Bxd5 18. Nd2 Bc5 1/2-1/2

[Event "Czech Fed-ch U16"]
[Site "Hrdonov"]
[Date "2012.10.23"]
[Round "5"]
[White "Havelka, Josef"]
[Black "Kaluzny, Matyas"]
[Result "1/2-1/2"]
[WhiteElo "1900"]
[BlackElo "1905"]
[PlyCount "79"]
[EventDate "2012.10.20"]
[EventType "swiss"]
[EventRounds "9"]
[EventCountry "CZE"]
[SourceTitle "CBM 151 Extra"]
[Source "ChessBase"]
[SourceDate "2012.12.18"]
[SourceVersion "1"]
[SourceVersionDate "2012.12.18"]
[SourceQuality "1"]

1. e4 Nf6 2. Nc3 d5 3. exd5 Nxd5 4. Nxd5 Qxd5 5. d4 Nc6 6. Nf3 Bg4 7. Be2 0-0-0 8. Be3 e5 9. dxe5 Bxf3 10. Bxf3 Qc4 11. Qe2 Bb4+ 12. Kf1 Nxe5 13. c3 Be7 14. Bd4 Nxf3 15. gxf3 Qxe2+ 16. Kxe2 Rhe8 17. Be3 f5 18. f4 Bf6 19. Rhd1 a6 20. Rxd8+ Rxd8 21. Rd1 Rxd1 22. Kxd1 Kd7 23. Kd2 Kd6 24. Kd3 b5 25. b4 Kd5 26. Bd4 Bh4 27. f3 g6 28. Bc5 Bf6 29. Bd4 Be7 30. Be3 Bd6 31. Bd2 c5 32. bxc5 Bxc5 33. Bc1 b4 34. cxb4 Bxb4 35. Bb2 Kc5 36. a4 Be1 37. Ba3+ Kd5 38. Bb2 Bb4 39. Bd4 Ba3 40. Be3 1/2-1/2

[Event "Czech Fed-ch U16"]
[Site "Hrdonov"]
[Date "2012.10.21"]
[Round "2"]
[White "Kaluzny, Matyas"]
[Black "Liduch, Filip"]
[Result "1-0"]
[WhiteElo "1905"]
[BlackElo "1697"]
[PlyCount "83"]
[EventDate "2012.10.20"]
[EventType "swiss"]
[EventRounds "9"]
[EventCountry "CZE"]
[SourceTitle "CBM 151 Extra"]
[Source "ChessBase"]
[SourceDate "2012.12.18"]
[SourceVersion "1"]
[SourceVersionDate "2012.12.18"]
[SourceQuality "1"]

1. e4 e5 2. Nf3 Nc6 3. Bb5 Nf6 4. Bxc6 dxc6 5. d3 Bd6 6. 0-0 0-0 7. Nbd2 Bg4 8. Nc4 h6 9. h3 Bxf3 10. Qxf3 Kh7 11. Nxe5 Bxe5 12. Qf5+ g6 13. Qxe5 Qd6 14. Qc3 Nd7 15. b3 Qe5 16. Qxe5 Nxe5 17. Bb2 f6 18. f4 Nd7 19. f5 g5 20. d4 Rae8 21. Rae1 c5 22. e5 cxd4 23. e6 Ne5 24. Bxd4 Nc6 25. Rd1 Nxd4 26. Rxd4 Re7 27. Rfd1 Kg7 28. Rd7 Rfe8 29. Rxe7+ Rxe7 30. Rd7 Kf8 31. Rd3 h5 32. Kf2 Ke8 33. Ke3 c6 34. a4 Rc7 35. a5 Ke7 36. Kd4 b6 37. c4 Ke8 38. axb6 axb6 39. c5 b5 40. Kc3 Ke7 41. Rd6 Ke8 42. Kb4 1-0

[Event "CZE-chTW U20 1213"]
[Site "Czech Republic"]
[Date "2012.10.07"]
[Round "3.3"]
[White "Vokoun, Ondrej"]
[Black "Kaluzny, Matyas"]
[Result "0-1"]
[WhiteElo "1800"]
[BlackElo "1905"]
[PlyCount "72"]
[EventDate "2012.10.06"]
[EventType "team-tourn"]
[EventRounds "11"]
[EventCountry "CZE"]
[SourceTitle "EXT 2015"]
[Source "ChessBase"]
[SourceDate "2014.11.20"]
[SourceVersion "1"]
[SourceVersionDate "2014.11.20"]
[SourceQuality "1"]
[WhiteTeam "Ricany (U20)"]
[BlackTeam "Udlice (U20)"]
[WhiteTeamCountry "CZE"]
[BlackTeamCountry "CZE"]

1. e4 c5 2. Nf3 Nc6 3. d4 cxd4 4. Nxd4 g6 5. Nc3 Bg7 6. Be3 Nf6 7. Bc4 0-0 8. Bb3 Ng4 9. Nxc6 dxc6 10. Qd2 Nxe3 11. Qxe3 Qb6 12. Qe2 Qc5 13. Na4 Qa5+ 14. Qd2 Qxd2+ 15. Kxd2 b5 16. Nc3 a5 17. a3 Rd8+ 18. Ke2 Ba6 19. Ke3 Bd4+ 20. Kf3 Rd6 21. Kg3 Rad8 22. f4 e5 23. f5 gxf5 24. exf5 Bxc3 25. bxc3 a4 26. Ba2 Rd2 27. Rac1 Bc8 28. Rhf1 Re2 29. Rf2 Rxf2 30. Kxf2 Rd2+ 31. Kf3 Bxf5 32. c4 Rxc2 33. Rxc2 Bxc2 34. cxb5 cxb5 35. Ke3 Kg7 36. Bd5 Bb3 0-1